00871nam a22002777a 45000010005000000030009000050050017000140070005000310080042000360200018000780400022000960820020001180920021001381000020001592450058001792500011002372600042002483000027002905000047003177000023003649420012003879450028003999520111004279560040005389990015005780074DO-SdBNP20180125115728.00074151020b 2000 sp ||| |||| 00| 0 spa d a9788420458007 aBPMSUbspacBPMSU axxxxxx2xxxxxxx axxxxxxxbxxxxxxx10aPosadas, Carmen1 aDorilda /cCarmen Posadas ; ilustración Ana Cañas a2a ed. aMadrid, España :bAlfaguara,c2000. a127 p. :bil.,c20 cm. aEste libro incluye una sorpresa misteriosa1 aCañas, Ana,eil. 2ddccBK aInventariado, 2018 / BT 00102ddc40708CGaBPMETbBPMETd2015-10-20eFUNDIl0oxxxxxxpBPMSU15100136r2015-10-20w2015-10-20yBK aBTAVAREZb10d20180125fBPMSUh0038 c8408d8408